| 000 | 00521nam a2200193 a 4500 | ||
|---|---|---|---|
| 005 | 20140310183259.0 | ||
| 008 | 970101s19uu xx 00 eng d | ||
| 020 | _a1853261785 | ||
| 050 |
_aPR 4742 _b.H268 1996 |
||
| 100 | _aHardy, Thomas | ||
| 245 |
_aSelected short stories / _cThomas Hardy. |
||
| 260 |
_aHertfordshire : _bWordsworth editions Ltd, _c1996. |
||
| 300 |
_a179 p. : _b18 cm. |
||
| 440 | _aWordsworth Classics | ||
| 650 | _aFiction | ||
| 650 | _aShort Stories | ||
| 942 |
_cBK _2lcc |
||
| 999 |
_c20917 _d20917 |
||